में भीष्म बोल रहा हूँ : (Record no. 117327)
[ view plain ]
| 000 -LEADER | |
|---|---|
| fixed length control field | 01087nam a22002417a 4500 |
| 005 - DATE AND TIME OF LATEST TRANSACTION | |
| control field | 20170124103054.0 |
| 010 ## - LIBRARY OF CONGRESS CONTROL NUMBER | |
| LC control number | B-175255 |
| 020 ## - INTERNATIONAL STANDARD BOOK NUMBER | |
| Terms of availability | 00.00 |
| 035 ## - SYSTEM CONTROL NUMBER | |
| System control number | B-175255 |
| 037 ## - SOURCE OF ACQUISITION | |
| Source of stock number/acquisition | Cen Lib/Ret |
| 040 ## - CATALOGING SOURCE | |
| Original cataloging agency | DPL |
| Language of cataloging | HN |
| 082 ## - DEWEY DECIMAL CLASSIFICATION NUMBER | |
| Classification number | उ |
| Item number | मिश्रभ |
| 100 ## - MAIN ENTRY--PERSONAL NAME | |
| Personal name | मिश्र, भगवतीशरण |
| 9 (RLIN) | 71365 |
| 245 ## - TITLE STATEMENT | |
| Title | में भीष्म बोल रहा हूँ : |
| Statement of responsibility, etc | भगवतीशरण मिश्र |
| Remainder of title | भीष्म पितामह के रोमांचक जीवन पर आधारित उपन्यास / |
| 246 ## - VARYING FORM OF TITLE | |
| Title proper/short title | Main Bheeshm mol raha hu : Bhishm Pitamah ke romanchak jeevan par adharit upnyas / |
| Remainder of title | by Bhagavatisharan Mishr |
| 260 ## - PUBLICATION, DISTRIBUTION, ETC. (IMPRINT) | |
| Name of publisher, distributor, etc | राजपाल |
| 300 ## - PHYSICAL DESCRIPTION | |
| Extent | 216पृ. |
| Dimensions | 19सेमी(सजिल्द ) |
| 650 ## - SUBJECT ADDED ENTRY--TOPICAL TERM | |
| Topical term or geographic name as entry element | हिंदी साहित्य |
| General subdivision | |
| Geographic subdivision | |
| 9 (RLIN) | 71366 |
| 650 ## - SUBJECT ADDED ENTRY--TOPICAL TERM | |
| Topical term or geographic name as entry element | हिंदी साहित्य |
| General subdivision | उपन्यास |
| 9 (RLIN) | 42619 |
| 650 ## - SUBJECT ADDED ENTRY--TOPICAL TERM | |
| Topical term or geographic name as entry element | Hindi literature |
| 9 (RLIN) | 71367 |
| 650 ## - SUBJECT ADDED ENTRY--TOPICAL TERM | |
| Topical term or geographic name as entry element | Hindi literature |
| General subdivision | fiction |
| 9 (RLIN) | 71368 |
| 942 ## - ADDED ENTRY ELEMENTS (KOHA) | |
| Source of classification or shelving scheme | Dewey Decimal Classification |
| Koha item type | Hindi Books |
| Classification part | उ |
| Call number suffix | मिश्रभ |
| Withdrawn status | Lost status | Damaged status | Not for loan | Home library | Current library | Date acquired | Source of acquisition | Cost, normal purchase price | Total Checkouts | Full call number | Barcode | Date last seen | Copy number | Cost, replacement price | Price effective from | Koha item type |
|---|---|---|---|---|---|---|---|---|---|---|---|---|---|---|---|---|
| Central Library | Central Library | 27/08/2015 | Cen Lib/Ref | 0.00 | उ मिश्रभ | B-175255 | 27/08/2015 | 1 | 0.00 | 27/08/2015 | Hindi Books |
